| 000 | 00475nam a22001937a 4500 | ||
|---|---|---|---|
| 003 | CEME | ||
| 005 | 20210628202639.0 | ||
| 008 | 210115b xxu||||| |||| 00| 0 eng d | ||
| 020 | _a0--07-829789-3 | ||
| 040 | _cceme | ||
| 082 | _a004 NOR | ||
| 100 |
_aNorton's, Peter _960832 |
||
| 245 | _aIntroduction to computers | ||
| 250 | _a4TH | ||
| 260 |
_aNEW YORK _bMCGRAW HILL _c2003 |
||
| 300 | _aXXII, 760P | ||
| 650 |
_aCOMPUTERS INTRODUCTION. _960890 |
||
| 942 |
_cBK _2ddc |
||
| 999 |
_c570501 _d570501 |
||